000 00529nam a22001697a 4500
020 _a978-8131716830
082 _a658.8
_bKOT-M
100 _aKotler, Philip
245 _aMarketing Management:
_bA south Asian Perspective
250 _a13th Ed;
260 _aIndia,
_bPearson Prentice Hall
_c2008
300 _aXIv, 647, & Other pages
504 _aIncludes Endnotes, Glossary, Image Credits, Name Index, Company Brand and Organization Index and Subject Index.
650 _aManagement
650 _aMarketing
942 _cBK
999 _c32471
_d32471